Νέες μέθοδοι διδασκαλίας των μαθημάτων του δημοτικού σχολείου στη πράξη
Αποθηκεύτηκε σε:
| Κύριος συγγραφέας: | |
|---|---|
| Μορφή: | Βιβλίο |
| Γλώσσα: | Greek |
| Δημοσίευση: |
Ρόδος :
[χ.ό.],
1964.
|
| Θέματα: | |
| Ετικέτες: |
Προσθήκη ετικέτας
Δεν υπάρχουν, Καταχωρήστε ετικέτα πρώτοι!
|
MARC
| LEADER | 00000cam a2200000 i 4500 | ||
|---|---|---|---|
| 001 | 1/89345 | ||
| 008 | 080620s1964 gr | ||| |||| ||gre|| | ||
| 035 | |l 10098346 | ||
| 040 | |a GR-MY-UA |b gre |e aacr | ||
| 041 | 0 | |a gre | |
| 082 | 7 | |a 370.71 |2 (22) | |
| 100 | 1 | |a Σταματάκη, Ελπινίκη. | |
| 245 | 1 | 0 | |a Νέες μέθοδοι διδασκαλίας των μαθημάτων του δημοτικού σχολείου στη πράξη / |c Ελπινίκης Σταματάκη. |
| 260 | |a Ρόδος : |b [χ.ό.], |c 1964. | ||
| 300 | |a 99 σ. ; |c 22 εκ. | ||
| 650 | 0 | 0 | |a Student teaching. |
| 650 | 0 | 0 | |a Education |x Study and teaching. |
| 650 | 0 | 0 | |a Teachers |x Training of. |
| 852 | |a INST |b RHODES |c AKA |e 20080620 |h 370.71 ΣΤΑ |p 005400027987 |q 005400027987 |t BK |y 0 | ||
| 852 | |a INST |b RHODES |c AKA |e 20081016 |h 370.71 ΣΤΑ |p 005400031009 |q 005400031009 |t BK |y 0 | ||
| 901 | |a BIBL4-2008-2 | ||
| 909 | |a Ρ |b 150627 | ||
| 909 | |a Ρ |b 153370 | ||
| 970 | |a ΚΟΖΑ |b ΜΑΡΙΑ |z 2008/06/20 | ||